Italian Bank Crisis flexible Application of BRRD Rules, or a Bailout in Disguise?

Hospodárska a finančná kríza v roku 2008 zdôraznila potrebu regulácie bankového sektora prostredníctvom vytvorenia bankovej únie. Smernica o ozdravení a riešení problémov bánk (BRRD) predstavuje dôležitý míľnik pri vytváraní bankovej únie. Základné pravidlá, piliere a súčasný stav bankovej únie. Zho...

Ausführliche Beschreibung

Gespeichert in:
Bibliographische Detailangaben
1. Verfasser: Famfollet, Jan
Weitere Verfasser: Sankotová, Eliška
Format: Buchkapitel
Sprache:Englisch
Schlagworte:
Tags: Tag hinzufügen
Keine Tags, Fügen Sie das erste Tag hinzu!

MARC

LEADER 00000naa a2200000 4500
001 0268684
005 20200924133104.5
041 0 |a eng 
044 |a CZ 
245 1 0 |a Italian Bank Crisis  |b flexible Application of BRRD Rules, or a Bailout in Disguise?  |c Jan Famfollet, Eliška Sankotová 
520 |a Hospodárska a finančná kríza v roku 2008 zdôraznila potrebu regulácie bankového sektora prostredníctvom vytvorenia bankovej únie. Smernica o ozdravení a riešení problémov bánk (BRRD) predstavuje dôležitý míľnik pri vytváraní bankovej únie. Základné pravidlá, piliere a súčasný stav bankovej únie. Zhodnotenie fungovania existujúcich pravidiel z ekonomického i právneho hľadiska na príklade nedávneho riešenia krízy talianskych bánk a tak poukázať na problematické aspekty existujúcich pravidiel. Vplyv „talianskeho riešenia“ na budúcnosť bankovej únie a na vytvorenie jej posledného piliera, spoločného systému ochrany vkladov. 
610 2 0 |a kríza banková 
610 2 0 |a únie bankové 
610 2 0 |a banky 
610 2 0 |a smernice 
610 2 0 |a dohľad bankový 
610 2 0 |a regulácia 
610 2 0 |a bankovníctvo 
610 2 0 |a Taliansko 
100 1 |a Famfollet, Jan 
700 1 |a Sankotová, Eliška